[Event "Nashville Summer op"]
[Site "Nashville"]
[Date "2024.08.31"]
[Round "6"]
[White "Kumar, Athiyan Senthil"]
[Black "Altucher, James"]
[Result "0-1"]
[WhiteElo "1899"]
[BlackElo "1898"]
[PlyCount "136"]
[EventDate "2024.08.26"]
[EventType "swiss"]
[EventRounds "9"]
[EventCountry "USA"]
[SourceTitle "EXT 2025"]
[Source "ChessBase"]
[SourceDate "2024.10.14"]
[SourceVersion "1"]
[SourceVersionDate "2024.10.14"]
[SourceQuality "1"]

1. e4 e6 2. d4 d5 3. e5 Bd7 4. Nf3 a6 5. Bd3 Bb5 6. 0-0 Bxd3 7. Qxd3 Ne7 8. c3 h6 9. b3 Nbc6 10. Ba3 g5 11. Nbd2 Bg7 12. Rfe1 Ng6 13. Nf1 g4 14. N3d2 h5 15. g3 Bh6 16. h4 gxh3 17. Kh2 h4 18. Nf3 Nce7 19. Bxe7 Qxe7 20. c4 hxg3+ 21. fxg3 Qd7 22. a4 Ne7 23. c5 Nf5 24. b4 Rg8 25. b5 a5 26. Re2 Rg7 27. Rc2 Qe7 28. b6 c6 29. Rb1 Kd7 30. Ng1 Qg5 31. Ne2 Rag8 32. Rb3 Qh5 33. Qf3 Rg4 34. Qc3 Ra8 35. Qf3 Qg6 36. Rd3 Rg8 37. Rb2 Ke7 38. Rd1 Bf8 39. Rd3 Bh6 40. Rd1 Kf8 41. Ra2 Re4 42. Ra3 Rg4 43. Ra2 Qh5 44. Ra3 Kg7 45. Rb3 Kh8 46. Ra3 Qg6 47. Ra2 Qg7 48. Rb2 Qf8 49. Rb3 R8g6 50. Ra3 Qg8 51. Rb3 Re4 52. Ra3 Rgg4 53. Rad3 Qg7 54. Qf2 Kh7 55. Qf3 Qg6 56. Qf2 Qg8 57. Qf3 Rg6 58. Qf2 Reg4 59. Qf3 Qa8 60. Rb3 Qa6 61. Qd3 Qa8 62. Qf3 Re4 63. Rc3 Qa6 64. Rcd3 Qc4 65. Nd2 Qc2 66. Rc1 Rxe2+ 67. Qxe2 Qxc1 68. Nf1 Qa1 0-1